| 000 | 00712nam a22002177a 4500 | ||
|---|---|---|---|
| 003 | OSt | ||
| 005 | 20140310181915.0 | ||
| 008 | 130716t xxu||||| |||| 00| 0 eng d | ||
| 020 | _a9780736081177 | ||
| 050 |
_aGV 365 _b.B738 2011 |
||
| 082 |
_aTR 372.86 _bB738 2011 |
||
| 100 |
_aBorsdorf, Laura L. _9637 |
||
| 245 |
_aPhysical Best activity guide : _belementary level / _cLaura L. Borsdorf, Lois A. Boeyink ; Editors. |
||
| 260 |
_aChampaign, IL : _bHuman Kinetics, _c2011. |
||
| 300 |
_a270 p. : _bill. ; _c28 cm. |
||
| 521 | _aFaculty | ||
| 541 | _j1 | ||
| 562 | _e1 | ||
| 650 |
_aPhysical education and training _xUnited States _xStudy and teaching (elementary) _9638 |
||
| 942 |
_2lcc _cBK-TR _kTR |
||
| 999 |
_c6701 _d6701 |
||